ბათუმის შოთა რუსთაველის სახელმწიფო უნივერსიტეტის ბიბლიოთეკა

მიწისძვრა, სიმაღლეები, ჯეონი (ბიბ.ჩანაწერი № 49122)

000 -LEADER
fixed length control field 01010nam a2200241Ia 4500
001 - CONTROL NUMBER
control field 16032
003 - CONTROL NUMBER IDENTIFIER
control field GE_BSU
008 - FIXED-LENGTH DATA ELEMENTS--GENERAL INFORMATION
fixed length control field 181216s||||||||xx |||||||||||||| ||und||
040 ## - CATALOGING SOURCE
Transcribing agency GE_BSU
080 ## - UNIVERSAL DECIMAL CLASSIFICATION NUMBER
Universal Decimal Classification number 821.353.1-1 + 908(575)
100 ## - MAIN ENTRY--PERSONAL NAME
Personal name ჯანგულაშვილი, თეიმურაზ
245 ## - TITLE STATEMENT
Title მიწისძვრა, სიმაღლეები, ჯეონი
245 ## - TITLE STATEMENT
Remainder of title ლექსები.შუააზიური ჩანაწერები
245 ## - TITLE STATEMENT
Statement of responsibility, etc. რედ.დ.ივარდავა მხ.გ.წერეთელი
260 ## - PUBLICATION, DISTRIBUTION, ETC.
Place of publication, distribution, etc. თბილისი
260 ## - PUBLICATION, DISTRIBUTION, ETC.
Name of publisher, distributor, etc. საბჭ. საქართველო
260 ## - PUBLICATION, DISTRIBUTION, ETC.
Date of publication, distribution, etc. 1969
300 ## - PHYSICAL DESCRIPTION
Extent 173გვ. ; 16სმ
653 ## - INDEX TERM--UNCONTROLLED
Uncontrolled term ლექსები.შუააზიური ჩანაწერები
653 ## - INDEX TERM--UNCONTROLLED
Uncontrolled term მიწისძვრა, სიმაღლეები, ჯეონი
653 ## - INDEX TERM--UNCONTROLLED
Uncontrolled term მოგზაურობა შუა აზიაში
942 ## - ADDED ENTRY ELEMENTS (KOHA)
Koha item type წიგნი
ეგზემპლარები
Withdrawn status Lost status Damaged status Not for loan Date acquired Barcode Date last seen Price effective from Koha item type
        2018-12-17 39714 2018-12-17 2018-12-17 წიგნი
        2018-12-17 39715 2018-12-17 2018-12-17 წიგნი
        2018-12-17 39716 2018-12-17 2018-12-17 წიგნი
        2018-12-17 39717 2018-12-17 2018-12-17 წიგნი